Movies Quiz

Random Movies or Director Quiz

'Color'ful Horror Movies with Pics. Quiz Stats

 Plays Quiz not verified by Sporcle

Score 0/24 Timer 15:00
0 Plays Today
YEAR & COLOR Answer % Correct
2010 22. BLACKBlack Swan
93.8%
1954 5. BLACKThe Creature from the Black Lagoon
78.3%
2011 24. RED Red Riding Hood
73.6%
1999 19. BLUEDeep Blue Sea
70.5%
1974 14. BLACKBlack Christmas
65.1%
1972 13. PINKPink Flamingos
61.2%
1932 1. WHITEWhite Zombie
58.9%
1985 17. SILVERSilver Bullet
48.1%
2011 23. REDRed State
48.1%
1960 7. BLACKBlack Sunday
45%
2005 21. WHITEWhite Noise
41.9%
1964 8. REDThe Masque of the Red Death
40.3%
YEAR & COLOR Answer % Correct
1988 18. WHITEThe Lair of the White Worm
38%
1945 3. GRAYThe Picture of Dorian Gray
35.7%
1977 15. RUBYRuby
22.5%
1968 11. GREENThe Green Slime
17.1%
1978 16. BLUEBlue Sunshine
17.1%
1952 4. BLACKThe Black Castle
14.7%
2003 20. REDRed Water
14%
1968 10. CRIMSONCurse of the Crimson Altar
11.6%
1965 9. REDColor Me Blood Red
10.1%
1935 2. BLACKThe Black Room
8.5%
1971. 12. YELLOWBeast of the Yellow Night
6.2%
1957 6. GREENMonster from Green Hell
5.4%

You're not logged in!

Compare scores with friends on all Sporcle quizzes.
OR
Log In

Show Comments

Extras

Created Mar 13, 2014ReportNominate
Tags:Color Quiz, Director Quiz, horror

Top Quizzes Today


Score Distribution

Your Account Isn't Verified!

In order to create a playlist on Sporcle, you need to verify the email address you used during registration. Go to your Sporcle Settings to finish the process.

Report this User

Report this user for behavior that violates our Community Guidelines.

Details: